Aitraaz (Record no. 18531)
[ view plain ]
| 000 -LEADER | |
|---|---|
| fixed length control field | 03057ngm a2200481 4500 |
| 003 - CONTROL NUMBER IDENTIFIER | |
| control field | dpl |
| 005 - DATE AND TIME OF LATEST TRANSACTION | |
| control field | 2008111703003.0 |
| 007 - PHYSICAL DESCRIPTION FIXED FIELD--GENERAL INFORMATION | |
| fixed length control field | DVD |
| 008 - FIXED-LENGTH DATA ELEMENTS--GENERAL INFORMATION | |
| fixed length control field | ||||||sp199 xxu|||||c ||| 00| 0 ng d |
| 010 ## - LIBRARY OF CONGRESS CONTROL NUMBER | |
| LC control number | DVD-001111-1112, DVD-001642 & DVD-004349-4353 |
| 024 ## - OTHER STANDARD IDENTIFIER | |
| Standard number or code | SHE DVD 387 |
| Terms of availability | 169.00 Revised Price 99.00 |
| 035 ## - SYSTEM CONTROL NUMBER | |
| System control number | DVD-001111-1112 DVD-001642 |
| 035 ## - SYSTEM CONTROL NUMBER | |
| System control number | DVD-004349-4353 |
| 040 ## - CATALOGING SOURCE | |
| Original cataloging agency | DPL |
| Transcribing agency | DPL |
| 082 ## - DEWEY DECIMAL CLASSIFICATION NUMBER | |
| Classification number | DVD / AITR |
| 245 ## - TITLE STATEMENT | |
| Title | Aitraaz |
| Statement of responsibility, etc | Mukta Arts Limited Presents |
| Medium | [videorecording] DVD/ |
| 260 ## - PUBLICATION, DISTRIBUTION, ETC. (IMPRINT) | |
| Name of publisher, distributor, etc | Shemaroo Video Pvt. Ltd. |
| 300 ## - PHYSICAL DESCRIPTION | |
| Extent | 1 videodisc DVD; (161 min.) : |
| Other physical details | sd., col. ; |
| Dimensions | 4 3/4 in. |
| Type of unit | DVD |
| 440 ## - SERIES STATEMENT/ADDED ENTRY--TITLE | |
| Title | Shemaroo Home Entertainment |
| 500 ## - GENERAL NOTE | |
| General note | Special Features: Making of Film, Specially Created Photo Gallary |
| 500 ## - GENERAL NOTE | |
| General note | Digitally Re-Mastered From the Original Film |
| 500 ## - GENERAL NOTE | |
| General note | Filmfare & GIFA Award Winner |
| 500 ## - GENERAL NOTE | |
| General note | Prinka Chopra : Best Actor in a Villainous Role |
| 538 ## - SYSTEM DETAILS NOTE | |
| System details note | Dolby Digital 5.1 - Hindi Subtitles: English, Tamil & Telugu |
| 538 ## - SYSTEM DETAILS NOTE | |
| System details note | Anamorphic Widescreen Format Presented in 2:35:1 Aspect Ratio enhaced for 16:9 Widaescrene TVS |
| 650 ## - SUBJECT ADDED ENTRY--TOPICAL TERM | |
| Topical term or geographic name as entry element | Motion Picture |
| 700 ## - ADDED ENTRY--PERSONAL NAME | |
| Personal name | Abbas Mustan |
| 700 ## - ADDED ENTRY--PERSONAL NAME | |
| Personal name | Reshammiya, Himesh |
| 700 ## - ADDED ENTRY--PERSONAL NAME | |
| Personal name | Akshay Kumar |
| 700 ## - ADDED ENTRY--PERSONAL NAME | |
| Personal name | Chopra, Prianka |
| 700 ## - ADDED ENTRY--PERSONAL NAME | |
| Personal name | Kapoor, Karina |
| 942 ## - ADDED ENTRY ELEMENTS (KOHA) | |
| Koha item type | CD-ROMs, DVDs, VHS |
| Source of classification or shelving scheme | Dewey Decimal Classification |
| Classification part | DVD |
| Call number suffix | AITR |
| Withdrawn status | Lost status | Source of classification or shelving scheme | Damaged status | Not for loan | Home library | Current library | Date acquired | Source of acquisition | Cost, normal purchase price | Total Checkouts | Total Renewals | Full call number | Barcode | Date last seen | Date checked out | Copy number | Cost, replacement price | Price effective from | Koha item type |
|---|---|---|---|---|---|---|---|---|---|---|---|---|---|---|---|---|---|---|---|
| Dewey Decimal Classification | Central Library | Central Library | 18/11/2008 | Purchase | 169.00 | 16 | 1 | DVD AITR | DVD-001111 | 01/07/2014 | 28/06/2014 | 1 | 169.00 | 18/11/2008 | CD-ROMs, DVDs, VHS | ||||
| Dewey Decimal Classification | Janak Puri | Janak Puri | 11/11/2009 | Pioneers/885/29-10-09/325/13-10-09 /06-11-09 | 99.00 | 13 | 1 | DVD AITR | DVD-004349 | 10/04/2013 | 28/03/2013 | 1 | 99.00 | 11/11/2009 | CD-ROMs, DVDs, VHS | ||||
| Dewey Decimal Classification | Karol Bagh | Karol Bagh | 11/11/2009 | Pioneers/885/29-10-09/325/13-10-09 /06-11-09 | 99.00 | 6 | DVD AITR | DVD-004352 | 02/12/2011 | 21/11/2011 | 1 | 99.00 | 11/11/2009 | CD-ROMs, DVDs, VHS | |||||
| Dewey Decimal Classification | Narela | Narela | 11/11/2009 | Pioneers/885/29-10-09/325/13-10-09 /06-11-09 | 99.00 | 1 | DVD AITR | DVD-004353 | 09/06/2010 | 26/05/2010 | 1 | 99.00 | 11/11/2009 | CD-ROMs, DVDs, VHS | |||||
| Dewey Decimal Classification | Patel Nagar | Patel Nagar | 29/12/2008 | Purchase | 169.00 | 13 | DVD AITR | DVD-001642 | 03/09/2012 | 19/08/2012 | 1 | 169.00 | 29/12/2008 | CD-ROMs, DVDs, VHS | |||||
| Dewey Decimal Classification | R.K.Puram-8 | R.K.Puram-8 | 11/11/2009 | Pioneers/885/29-10-09/325/13-10-09 /06-11-09 | 99.00 | DVD AITR | DVD-004350 | 11/11/2009 | 1 | 99.00 | 11/11/2009 | CD-ROMs, DVDs, VHS | |||||||
| Dewey Decimal Classification | Sarojini Nagar | Sarojini Nagar | 18/11/2008 | Purchase | 169.00 | 20 | DVD AITR | DVD-001112 | 02/09/2015 | 20/08/2015 | 1 | 169.00 | 18/11/2008 | CD-ROMs, DVDs, VHS | |||||
| Dewey Decimal Classification | Vinoba Puri | Vinoba Puri | 11/11/2009 | Pioneers/885/29-10-09/325/13-10-09 /06-11-09 | 99.00 | 2 | DVD AITR | DVD-004351 | 23/02/2012 | 17/02/2012 | 1 | 99.00 | 11/11/2009 | CD-ROMs, DVDs, VHS |
